Länder der Welt mit Kreuz in der Flagge - Statistiken

Allgemein
  • Dieses Quiz wurde 156 mal gespielt
    153 seit der letzten Aktualisierung
  • Das Durchschnittsergebnis liegt bei 14 aus 26
Antwortstatistiken
Land % Korrekt
Schweden
93%
Finnland
90%
Norwegen
90%
Dänemark
87%
Vereinigtes Königreich
85%
Island
80%
Schweiz
80%
Australien
63%
Georgien
63%
Griechenland
58%
Neuseeland
57%
Fidschi
51%
Vatikanstadt
49%
Tonga
48%
Malta
47%
Slowakei
43%
Serbien
38%
Jamaika
35%
Liechtenstein
35%
Spanien
35%
San Marino
32%
Dominikanische Republik
26%
Montenegro
24%
Dominica
20%
Republik Moldau
18%
Burundi
8%
Keine übereinstimmenden Quizze gefunden
Verteilung der Resultate
Anzahl Personen mit jedem Resultat
Perzentil nach korrekt beantworteten Fragen
Ihre Resultats-Entwicklung
Sie haben dieses Quiz seit der letzten Aktualisierung nicht gespielt